Quizz - Harry Potter et le Prisonnier d’Azkaban - Statistiques

Statistiques générales
  • Ce quiz a été pris 93 fois
  • Le résultat moyen est 12 sur 15
Statistiques - réponses
Hint Réponse % Correct
Nom de l’hippogriffe… Buck
95%
Nom de la créature qui aspire le bonheur des hommes pour s’en nourrir Un Détraqueur
92%
Quel objet donne Fred et George Weasley à Harry ? La Carte du Maraudeur
91%
Forme du Patronus d’Harry Un Cerf
91%
Qui a volontairement dit à Voldemort l’endroit où se cachait James et Lily Potter ? Peter Pettigrow
90%
Quelle forme prend l’Épouvantard de Neville Londubat ? Severus Rogue
89%
Pendant combien d’années Sirius a t’il été emprisonné à Azkaban ? 12 ans
85%
Comment s’appelle le chat d’Hermione ? Pattenrond
85%
Sortilège appris par Harry pour s’en protéger {Expecto} Patronum
84%
Prénom de la sœur de Vernon Dursley… {Marjorie} Dursley
76%
Où sont partis les Weasley pour les vacances d’Été ? En Égypte
75%
Objet qu’utilise Hermione pour assister à plusieurs matières en même temps… {Retourneur de Temps}
71%
Nom du chauffeur du Magicobus… {Stan} Rocade
61%
Surnom donné à Peter Pettigrow quand il faisait parti des Maraudeurs Queudver
54%
Sortilège utilisé par Hermione pour détruire la serrure de la cellule de Sirius Black Bombarda
28%
Aucun quiz correspondant
Distribution des résultats
% des personnes avec chaque résultat
Percentile par nombre de réponses
Votre historique - résultats
Vous n’avez pas pris ce quiz